<?xml version="1.0" encoding="UTF-8"?>
<record
    xmlns:xsi="http://www.w3.org/2001/XMLSchema-instance"
    xsi:schemaLocation="http://www.loc.gov/MARC21/slim http://www.loc.gov/standards/marcxml/schema/MARC21slim.xsd"
    xmlns="http://www.loc.gov/MARC21/slim">

  <leader>00792nam a2200205Ia 4500</leader>
  <controlfield tag="003">IN-BaIIA</controlfield>
  <controlfield tag="008">211028s9999    xx            000 0 eng d</controlfield>
  <datafield tag="040" ind1=" " ind2=" ">
    <subfield code="c">IIA Library</subfield>
  </datafield>
  <datafield tag="080" ind1=" " ind2=" ">
    <subfield code="a">535.14(082.2)</subfield>
    <subfield code="b">ADA</subfield>
  </datafield>
  <datafield tag="111" ind1=" " ind2=" ">
    <subfield code="a">Topical Meeting on Adaptive Optics</subfield>
    <subfield code="c">Germany</subfield>
    <subfield code="d">1995 Oct. 2-6</subfield>
    <subfield code="9">22821</subfield>
  </datafield>
  <datafield tag="245" ind1=" " ind2="0">
    <subfield code="a">Adaptive optics</subfield>
    <subfield code="b">proceedings of the topical meeting on adaptive optics held in Garching Bei Munchen, Germany, 2-6 Oct 1995</subfield>
    <subfield code="c">edited by M. Cullum                                           </subfield>
  </datafield>
  <datafield tag="260" ind1=" " ind2=" ">
    <subfield code="a">Germany</subfield>
    <subfield code="b">European Space Observatory</subfield>
    <subfield code="c">1996</subfield>
  </datafield>
  <datafield tag="300" ind1=" " ind2=" ">
    <subfield code="a">xiii, 542p.</subfield>
  </datafield>
  <datafield tag="490" ind1=" " ind2=" ">
    <subfield code="a">ESO conference and workshop proceedings; no. 54</subfield>
  </datafield>
  <datafield tag="650" ind1=" " ind2=" ">
    <subfield code="a">Adaptive optics</subfield>
  </datafield>
  <datafield tag="650" ind1=" " ind2=" ">
    <subfield code="a">Optics</subfield>
  </datafield>
  <datafield tag="700" ind1=" " ind2=" ">
    <subfield code="a">Cullum, M .,ed.</subfield>
    <subfield code="9">22822</subfield>
  </datafield>
  <datafield tag="710" ind1=" " ind2=" ">
    <subfield code="a">European Space Observatory  </subfield>
    <subfield code="9">22823</subfield>
  </datafield>
  <datafield tag="942" ind1=" " ind2=" ">
    <subfield code="c">BK</subfield>
  </datafield>
  <datafield tag="999" ind1=" " ind2=" ">
    <subfield code="c">12994</subfield>
    <subfield code="d">12994</subfield>
  </datafield>
  <datafield tag="952" ind1=" " ind2=" ">
    <subfield code="0">0</subfield>
    <subfield code="1">0</subfield>
    <subfield code="4">0</subfield>
    <subfield code="7">0</subfield>
    <subfield code="a">BAN</subfield>
    <subfield code="b">BAN</subfield>
    <subfield code="c">GEN</subfield>
    <subfield code="d">1999-05-26</subfield>
    <subfield code="e">ESO   </subfield>
    <subfield code="l">0</subfield>
    <subfield code="o">535.14(082.2)/ ADA</subfield>
    <subfield code="p">13911</subfield>
    <subfield code="r">2021-11-05</subfield>
    <subfield code="w">1999-05-26</subfield>
    <subfield code="y">BK</subfield>
    <subfield code="G">DM 80.00  </subfield>
  </datafield>
</record>
